000 01094cam a2200337 a 4500
001 1441
003 BD-RjUL
005 20211208233334.0
008 131125s1980 enk b 001 0 eng
020 _a008023383X
020 _a0080233821 (pbk.)
035 _a(BD-RjUL) 1463
040 _aDLC
_cDLC
_dDLC
_dBD-RjUL
_beng
041 _aeng
082 0 0 _a155
_219
_bKAH 1980
100 1 _aKahn, Jack H.
_94270
245 1 0 _aHuman growth and the development of personality /
_cby Jack Kahn and Susan Elinor Wright ; foreword by G.M. Carstairs.
250 _a3rd ed.
260 _aOxford ;
_aNew York :
_bPergamon Press,
_c1980.
300 _axxiii, 227 p. ;
_c26 cm.
500 _aIncludes index.
504 _aBibliography: p. 215-219.
650 0 _aDevelopmental psychology.
_94264
650 0 _aPersonality.
_94273
700 1 _aWright, Susan Elinor.
_94274
942 _2ddc
_cBK
999 _c1441
_d1441